Endocrine pathology : (Record no. 118866)

MARC details
000 -LEADER
fixed length control field 00855cas a2200253 a 4500
008 - FIXED-LENGTH DATA ELEMENTS--GENERAL INFORMATION
fixed length control field
020 ## - INTERNATIONAL STANDARD BOOK NUMBER
International Standard Book Number 9780323326841 (hbk.)
049 ## - LOCAL HOLDINGS (OCLC)
Holding library MAIN
090 ## - LOCALLY ASSIGNED LC-TYPE CALL NUMBER (OCLC); LOCAL CALL NUMBER (RLIN)
Classification number (OCLC) (R) ; Classification number, CALL (RLIN) (NR) RC648.A1
Local cutter number (OCLC) ; Book number/undivided call number, CALL (RLIN) END
003 - CONTROL NUMBER IDENTIFIER
control field
005 - DATE AND TIME OF LATEST TRANSACTION
control field 20230120204208.0
040 ## - CATALOGING SOURCE
Transcribing agency NUST
245 #0 - TITLE STATEMENT
Title Endocrine pathology :
Remainder of title Surgical pathology clinics /
Statement of responsibility, etc. (edited by) Peter M. Sadow.
260 ## - PUBLICATION, DISTRIBUTION, ETC.
Place of publication, distribution, etc. Nwe York :
Name of publisher, distributor, etc. Elsevier Inc,
Date of publication, distribution, etc. 2014.
300 ## - PHYSICAL DESCRIPTION
Extent x, 476-602 p. ;
Other physical details ill (col). ;
Dimensions 26 cm.
440 ## - SERIES STATEMENT/ADDED ENTRY--TITLE
Title Surgical pathology clinics volume 7, Number 4.
500 ## - GENERAL NOTE
General note Includes index.
504 ## - BIBLIOGRAPHY, ETC. NOTE
Bibliography, etc. note Includes bibliographical references.
650 ## - SUBJECT ADDED ENTRY--TOPICAL TERM
Topical term or geographic name entry element Endocrine glands
General subdivision Diseases
Form subdivision Periodicals.
650 ## - SUBJECT ADDED ENTRY--TOPICAL TERM
Topical term or geographic name entry element Endocrine System Diseases
General subdivision pathology
Form subdivision Periodicals.
700 ## - ADDED ENTRY--PERSONAL NAME
Personal name Peter M. Shadow.
907 ## - LOCAL DATA ELEMENT G, LDG (RLIN)
a .b10365205
b 09-11-15
c 06-11-15
942 ## - ADDED ENTRY ELEMENTS (KOHA)
Koha item type Ordinary Loan Books
Call number prefix RC648.A1
Call number suffix END
Holdings
Date last seen Total Checkouts Full call number Barcode Cost, replacement price Price effective from Koha item type Lost status Source of classification or shelving scheme Damaged status Not for loan Collection Withdrawn status Home library Current library Shelving location Date acquired Cost, normal purchase price
01/20/2023   RC648.A1 END 92004041341 80.00 01/20/2023 BOOKS   LCC     NFIC   Medical Medical GEN 01/20/2023 80.00